<?xml version="1.0" encoding="UTF-8"?>
<record
    xmlns:xsi="http://www.w3.org/2001/XMLSchema-instance"
    xsi:schemaLocation="http://www.loc.gov/MARC21/slim http://www.loc.gov/standards/marcxml/schema/MARC21slim.xsd"
    xmlns="http://www.loc.gov/MARC21/slim">

  <leader>01454    a2200229   4500</leader>
  <controlfield tag="001">45172</controlfield>
  <controlfield tag="005">20260407155726.0</controlfield>
  <controlfield tag="008">260407a1960    arg                 spa d</controlfield>
  <controlfield tag="003">AR-UNSa-BCEJYS</controlfield>
  <datafield tag="040" ind1=" " ind2=" ">
    <subfield code="a">AR-UNSa-BCEJYS</subfield>
    <subfield code="b">spa</subfield>
    <subfield code="c">AR-UNSa-BCEJYS</subfield>
  </datafield>
  <datafield tag="080" ind1=" " ind2=" ">
    <subfield code="a">517</subfield>
    <subfield code="x">An&#xE1;lisis Matem&#xE1;tico</subfield>
  </datafield>
  <datafield tag="245" ind1="1" ind2="0">
    <subfield code="a">An&#xE1;lisis Matem&#xE1;tico</subfield>
    <subfield code="p">introducci&#xF3;n moderna al c&#xE1;lculo superior</subfield>
  </datafield>
  <datafield tag="264" ind1=" " ind2="1">
    <subfield code="a">Barcelona :</subfield>
    <subfield code="b">Revert&#xE9;</subfield>
    <subfield code="c">1960</subfield>
  </datafield>
  <datafield tag="300" ind1=" " ind2=" ">
    <subfield code="a">534 p.</subfield>
    <subfield code="c">22 cm.</subfield>
  </datafield>
  <datafield tag="505" ind1=" " ind2=" ">
    <subfield code="a">1.Sistemas de n&#xFA;meros reales y complejos &#x2013; 2. Nociones fundamentales de la teor&#xED;a de conjuntos &#x2013; 3. Elementos de la teor&#xED;a de conjuntos de puntos &#x2013; 4. Los conceptos de l&#xED;mite y continuidad &#x2013; 5. Diferenciaci&#xF3;n de funciones de una variable real &#x2013; 6. Diferenciaci&#xF3;n de funciones de varias variables &#x2013; 7. Aplicaciones de la diferenciaci&#xF3;n parcial &#x2013; 8. Funciones de variaci&#xF3;n acotada,  curvas rectificables y conjuntos conexos &#x2013; 9. Teor&#xED;a de la integraci&#xF3;n de Riemann-Stieltjes &#x2013; 10. Integrales m&#xFA;ltiples e integrales de l&#xED;nea &#x2013; 11. An&#xE1;lisis vectorial &#x2013; 12. Series y productos infinitos &#x2013; 13. Sucesiones de funciones &#x2013; 14. Integrales impropias de Riemann-Stieltjes &#x2013; 15. Series de Fourier e integrales de Fourier &#x2013; 16. Teorema de Cauchy y c&#xE1;lculo de residuos. </subfield>
  </datafield>
  <datafield tag="041" ind1=" " ind2=" ">
    <subfield code="a">spa</subfield>
  </datafield>
  <datafield tag="942" ind1=" " ind2=" ">
    <subfield code="c">BK</subfield>
  </datafield>
  <datafield tag="590" ind1=" " ind2=" ">
    <subfield code="a">niveau_biblio:m niveau_hierar:0</subfield>
  </datafield>
  <datafield tag="100" ind1="1" ind2=" ">
    <subfield code="a">Apostol, Tom Mike</subfield>
  </datafield>
  <datafield tag="700" ind1="1" ind2=" ">
    <subfield code="a">V&#xE9;lez Cantarell, Francisco</subfield>
  </datafield>
  <datafield tag="700" ind1="1" ind2=" ">
    <subfield code="a">Lin&#xE9;s Escard&#xF3;, Enrique</subfield>
  </datafield>
  <datafield tag="999" ind1=" " ind2=" ">
    <subfield code="c">3917</subfield>
    <subfield code="d">3917</subfield>
  </datafield>
  <datafield tag="952" ind1=" " ind2=" ">
    <subfield code="0">0</subfield>
    <subfield code="1">0</subfield>
    <subfield code="4">0</subfield>
    <subfield code="7">0</subfield>
    <subfield code="a">BCEJYS</subfield>
    <subfield code="b">BCEJYS</subfield>
    <subfield code="c">16</subfield>
    <subfield code="d">2026-04-07</subfield>
    <subfield code="l">0</subfield>
    <subfield code="o">517 A645</subfield>
    <subfield code="p">L24471</subfield>
    <subfield code="r">2026-04-07 15:57:26</subfield>
    <subfield code="w">2026-04-07</subfield>
    <subfield code="y">L</subfield>
  </datafield>
  <datafield tag="952" ind1=" " ind2=" ">
    <subfield code="0">0</subfield>
    <subfield code="1">0</subfield>
    <subfield code="4">0</subfield>
    <subfield code="7">0</subfield>
    <subfield code="a">BCEJYS</subfield>
    <subfield code="b">BCEJYS</subfield>
    <subfield code="c">16</subfield>
    <subfield code="d">2026-04-07</subfield>
    <subfield code="l">0</subfield>
    <subfield code="o">517 A645</subfield>
    <subfield code="p">L20987</subfield>
    <subfield code="r">2026-04-07 15:57:26</subfield>
    <subfield code="w">2026-04-07</subfield>
    <subfield code="y">L</subfield>
  </datafield>
</record>
